000 00686nam a2200253Ia 4500
003 OSt
005 20220925204916.0
006 a|||||r|||| 00| 0
007 ta
008 220923b |||||||| |||| 00| 0 eng d
037 _cGeneral Book
040 _aRTL
_cRTL
_beng
041 _2eng
_aeng
082 _aY76:3217:(Z), L4
100 _aHolleman J F
245 0 _aIssues in African law
260 _aHague
_bMouton
_c1974
300 _ax,179p
_ccm.
490 _aChange and Continuity in Africa
500 _aBibliography: p 177-179
650 _aAfrican Society
942 _hY76:3217:(Z), L4
_cGB
_2CC
999 _c550764
_d550764